| 000 | 01386nam0a2200313 4500 | ||
|---|---|---|---|
| 001 | RU\NLR\BIBL_A\011509863 | ||
| 005 | 20250626082322.0 | ||
| 035 | _a(NLR Aleph) 011509863 | ||
| 090 |
_a12040076 _c12040076 |
||
| 100 | _a20171030d1932 |||y0rusy50 ca | ||
| 101 | 0 | _ache | |
| 102 | _aRU | ||
| 105 | _ay z 000fy | ||
| 200 | 1 |
_aНекъан кехат _e(хабарш) _fС. Бадуев |
|
| 210 |
_aСоьлжа-ГIала _cНохчоблзорб _d1932 |
||
| 215 |
_a35 с. _d19 |
||
| 300 | _aЛатин. графика | ||
| 327 | _aСодерж.: Некъан кехат ; Тракторхо - Жуьнид ; Тхан хьехархо - М. Горький ; Тоьарду : (поэма) | ||
| 464 | 0 |
_12001#$aНекъан кехат _1700#1 _tНекъан кехат _a |
|
| 464 | 0 |
_12001#$aТракторхо - Жуьнид _1700#1 _tТракторхо - Жуьнид _a |
|
| 464 | 0 |
_12001#$aТхан хьехархо - М. Горький _1700#1 _tТхан хьехархо - М. Горький _a |
|
| 464 | 0 |
_12001#$aТоьарду$e(поэма) _1700#1 _tТоьарду _a |
|
| 541 | 1 |
_aУдостоверение _e(худож. рассказы) _zrus |
|
| 686 | 1 | _aШ6(2=Че)7 я44 | |
| 700 | 1 |
_aБадуев _bС.С. _f1904-1943 _gСаид Сулейманович _4070 |
|
| 852 |
_aNLR _bОНЛ _jЧеч./2-309 |
||
| 942 | _cBOOK | ||
| 980 | _aNB | ||